| 000 | 00947nmc a2200325 a 4500 | ||
|---|---|---|---|
| 003 | AR-BaBNM | ||
| 005 | 20251128205138.0 | ||
| 008 | 011101s1990 ||||||||||||||000 | spa|| | ||
| 020 | _a980-01-0310-4 | ||
| 040 | _cAR-BaBNM | ||
| 245 | 1 | 0 |
_aBolívar _bideas de un espíritu visionario : antología |
| 250 | _a1ª ed. | ||
| 260 |
_aCaracas _bMonte Avila _c1990 |
||
| 300 | _a271 p. | ||
| 490 | 0 |
_aBiblioteca del pensamiento venezolano José Antonio Páez _vv. 1 |
|
| 650 | 4 | _aBIOGRAFIAS | |
| 650 | 4 | _aHISTORIA | |
| 650 | 4 | _aHISTORIA POLITICA | |
| 650 | 4 | _aSIGLO DIECINUEVE | |
| 650 | 4 | _aGUERRAS DE LA INDEPENDENCIA | |
| 650 | 4 | _aHISTORIA LATINOAMERICANA | |
| 651 | 4 | _aVenezuela | |
| 655 | _aBIOGRAFIAS | ||
| 700 | 1 |
_aHerrera Campins, Luis _eprologuista |
|
| 700 | 1 |
_aMondolfi, Edgardo _ecompilador |
|
| 800 | 1 |
_aHerrera Campins, Luis _edirector |
|
| 800 | 1 |
_aMondolfi, Edgardo _ecoordinador |
|
| 942 | _cBK | ||
| 998 | _cEnrique | ||
| 999 |
_c10180 _d10180 |
||